000 00251nam a2200097Ia 4500
001 641691
005 20250826153512.0
008 250824s9999 xx 000 0 und d
245 0 _aÇİÇEKLER SUSAYINCA
_cAHMED GÜNBAY YILDIZ
260 _bTİMAŞ KÜLTÜR
999 _c641691
_d641691